<?xml version="1.0" encoding="UTF-8"?>
<record
    xmlns:xsi="http://www.w3.org/2001/XMLSchema-instance"
    xsi:schemaLocation="http://www.loc.gov/MARC21/slim http://www.loc.gov/standards/marcxml/schema/MARC21slim.xsd"
    xmlns="http://www.loc.gov/MARC21/slim">

  <leader>00789nam a2200265 a 4500</leader>
  <controlfield tag="005">20200104041511.0</controlfield>
  <controlfield tag="008">140220b1984    ck ||||| |||| 00| 0 spa d</controlfield>
  <datafield tag="040" ind1=" " ind2=" ">
    <subfield code="a">CO-BoIAVH</subfield>
    <subfield code="c">CO-BoIAVH</subfield>
  </datafield>
  <datafield tag="041" ind1=" " ind2=" ">
    <subfield code="a">spa</subfield>
  </datafield>
  <datafield tag="044" ind1=" " ind2=" ">
    <subfield code="a">ck</subfield>
  </datafield>
  <datafield tag="082" ind1=" " ind2=" ">
    <subfield code="a">986.14 </subfield>
    <subfield code="b">I24e</subfield>
  </datafield>
  <datafield tag="110" ind1=" " ind2=" ">
    <subfield code="b">Proyecto IGAC-ORSTOM</subfield>
  </datafield>
  <datafield tag="245" ind1="1" ind2=" ">
    <subfield code="a">Estudio regional integrado del altiplano cundiboyacense</subfield>
    <subfield code="b">anexo de poblaci&#xF3;n</subfield>
  </datafield>
  <datafield tag="260" ind1=" " ind2=" ">
    <subfield code="a">Bogot&#xE1;</subfield>
    <subfield code="b">IGAC</subfield>
    <subfield code="c">1984</subfield>
  </datafield>
  <datafield tag="300" ind1=" " ind2=" ">
    <subfield code="a">416 paginas</subfield>
  </datafield>
  <datafield tag="650" ind1="1" ind2="4">
    <subfield code="a">Suelos</subfield>
  </datafield>
  <datafield tag="650" ind1="1" ind2="4">
    <subfield code="a">Clima</subfield>
  </datafield>
  <datafield tag="650" ind1="1" ind2="4">
    <subfield code="a">Geomorfolog&#xED;a</subfield>
  </datafield>
  <datafield tag="650" ind1="1" ind2="4">
    <subfield code="a">Vegetaci&#xF3;n</subfield>
  </datafield>
  <datafield tag="650" ind1="1" ind2="4">
    <subfield code="a">Fauna</subfield>
  </datafield>
  <datafield tag="650" ind1="1" ind2="4">
    <subfield code="a">Geolog&#xED;a</subfield>
  </datafield>
  <datafield tag="662" ind1=" " ind2=" ">
    <subfield code="a">Colombia</subfield>
    <subfield code="d">Altiplano Cundiboyacense</subfield>
    <subfield code="b">Cundinamarca y Boyac&#xE1;</subfield>
  </datafield>
  <datafield tag="662" ind1=" " ind2=" ">
    <subfield code="a">Colombia</subfield>
    <subfield code="d">Sabana de Bogot&#xE1;</subfield>
    <subfield code="b">Cundinamarca</subfield>
  </datafield>
  <datafield tag="942" ind1=" " ind2=" ">
    <subfield code="c">LIBRO</subfield>
    <subfield code="2">z</subfield>
  </datafield>
  <datafield tag="999" ind1=" " ind2=" ">
    <subfield code="c">468</subfield>
    <subfield code="d">468</subfield>
  </datafield>
  <datafield tag="952" ind1=" " ind2=" ">
    <subfield code="0">0</subfield>
    <subfield code="1">0</subfield>
    <subfield code="2">ddc</subfield>
    <subfield code="4">0</subfield>
    <subfield code="7">0</subfield>
    <subfield code="8">GENERAL</subfield>
    <subfield code="I">INV2017</subfield>
    <subfield code="a">Venado</subfield>
    <subfield code="b">Venado</subfield>
    <subfield code="d">1998-07-01</subfield>
    <subfield code="e">Instituto</subfield>
    <subfield code="g">15000.00</subfield>
    <subfield code="l">0</subfield>
    <subfield code="o">LB-986.14 I24e</subfield>
    <subfield code="p">000641</subfield>
    <subfield code="r">2012-12-04 00:00:00</subfield>
    <subfield code="t">Ej. 2</subfield>
    <subfield code="w">2012-12-04</subfield>
    <subfield code="x">Donacion</subfield>
    <subfield code="y">LIBRO</subfield>
  </datafield>
  <datafield tag="952" ind1=" " ind2=" ">
    <subfield code="0">0</subfield>
    <subfield code="1">0</subfield>
    <subfield code="2">z</subfield>
    <subfield code="4">0</subfield>
    <subfield code="7">0</subfield>
    <subfield code="8">GENERAL</subfield>
    <subfield code="I">INV2017</subfield>
    <subfield code="a">Villa</subfield>
    <subfield code="b">Villa</subfield>
    <subfield code="d">1998-07-01</subfield>
    <subfield code="e">Instituto Nacional de los Recursos Naturales Renovables y del Medio Ambiente</subfield>
    <subfield code="l">0</subfield>
    <subfield code="o">LB-00449</subfield>
    <subfield code="p">000642</subfield>
    <subfield code="r">2012-12-04 00:00:00</subfield>
    <subfield code="t">Ej.1</subfield>
    <subfield code="w">2012-12-04</subfield>
    <subfield code="x">INDERENA</subfield>
    <subfield code="y">Mapa</subfield>
    <subfield code="z">Estudio regional integrado del altiplano cundiboyacense: suelos</subfield>
  </datafield>
  <datafield tag="952" ind1=" " ind2=" ">
    <subfield code="0">0</subfield>
    <subfield code="1">0</subfield>
    <subfield code="2">z</subfield>
    <subfield code="4">0</subfield>
    <subfield code="7">0</subfield>
    <subfield code="8">GENERAL</subfield>
    <subfield code="I">INV2017</subfield>
    <subfield code="a">Villa</subfield>
    <subfield code="b">Villa</subfield>
    <subfield code="d">1998-07-01</subfield>
    <subfield code="e">Instituto Nacional de los Recursos Naturales Renovables y del Medio Ambiente</subfield>
    <subfield code="l">0</subfield>
    <subfield code="o">LB-00449</subfield>
    <subfield code="p">000643</subfield>
    <subfield code="r">2012-12-04 00:00:00</subfield>
    <subfield code="t">Ej.2</subfield>
    <subfield code="w">2012-12-04</subfield>
    <subfield code="x">INDERENA</subfield>
    <subfield code="y">Mapa</subfield>
    <subfield code="z">Estudio regional integrado del altiplano cundiboyacense: suelos</subfield>
  </datafield>
  <datafield tag="952" ind1=" " ind2=" ">
    <subfield code="0">0</subfield>
    <subfield code="1">0</subfield>
    <subfield code="2">z</subfield>
    <subfield code="4">0</subfield>
    <subfield code="7">0</subfield>
    <subfield code="8">GENERAL</subfield>
    <subfield code="I">INV2017</subfield>
    <subfield code="a">Villa</subfield>
    <subfield code="b">Villa</subfield>
    <subfield code="d">1998-07-01</subfield>
    <subfield code="e">Instituto Nacional de los Recursos Naturales Renovables y del Medio Ambiente</subfield>
    <subfield code="l">0</subfield>
    <subfield code="o">LB-00449</subfield>
    <subfield code="p">000644</subfield>
    <subfield code="r">2012-12-04 00:00:00</subfield>
    <subfield code="t">Ej.3</subfield>
    <subfield code="w">2012-12-04</subfield>
    <subfield code="x">INDERENA</subfield>
    <subfield code="y">Mapa</subfield>
    <subfield code="z">Estudio regional integrado del altiplano cundiboyacense: suelos</subfield>
  </datafield>
  <datafield tag="952" ind1=" " ind2=" ">
    <subfield code="0">0</subfield>
    <subfield code="1">0</subfield>
    <subfield code="2">z</subfield>
    <subfield code="4">0</subfield>
    <subfield code="7">0</subfield>
    <subfield code="8">GENERAL</subfield>
    <subfield code="I">INV2017</subfield>
    <subfield code="a">Villa</subfield>
    <subfield code="b">Villa</subfield>
    <subfield code="d">1998-07-01</subfield>
    <subfield code="e">Instituto Nacional de los Recursos Naturales Renovables y del Medio Ambiente</subfield>
    <subfield code="l">0</subfield>
    <subfield code="o">LB-00449</subfield>
    <subfield code="p">000645</subfield>
    <subfield code="r">2012-12-04 00:00:00</subfield>
    <subfield code="t">Ej.1</subfield>
    <subfield code="w">2012-12-04</subfield>
    <subfield code="x">INDERENA</subfield>
    <subfield code="y">Mapa</subfield>
    <subfield code="z">Estudio regional integrado del altiplano cundiboyacense: hidrogeolog&#xED;a</subfield>
  </datafield>
  <datafield tag="952" ind1=" " ind2=" ">
    <subfield code="0">0</subfield>
    <subfield code="1">0</subfield>
    <subfield code="2">z</subfield>
    <subfield code="4">0</subfield>
    <subfield code="7">0</subfield>
    <subfield code="8">GENERAL</subfield>
    <subfield code="I">INV2017</subfield>
    <subfield code="a">Villa</subfield>
    <subfield code="b">Villa</subfield>
    <subfield code="d">1998-07-01</subfield>
    <subfield code="e">Instituto Nacional de los Recursos Naturales Renovables y del Medio Ambiente</subfield>
    <subfield code="l">0</subfield>
    <subfield code="o">LB-00449</subfield>
    <subfield code="p">000646</subfield>
    <subfield code="r">2012-12-04 00:00:00</subfield>
    <subfield code="t">Ej.2</subfield>
    <subfield code="w">2012-12-04</subfield>
    <subfield code="x">INDERENA</subfield>
    <subfield code="y">Mapa</subfield>
    <subfield code="z">Estudio regional integrado del altiplano cundiboyacense: hidrogeolog&#xED;a</subfield>
  </datafield>
  <datafield tag="952" ind1=" " ind2=" ">
    <subfield code="0">0</subfield>
    <subfield code="1">0</subfield>
    <subfield code="2">z</subfield>
    <subfield code="4">0</subfield>
    <subfield code="7">0</subfield>
    <subfield code="8">GENERAL</subfield>
    <subfield code="I">INV2017</subfield>
    <subfield code="a">Villa</subfield>
    <subfield code="b">Villa</subfield>
    <subfield code="d">1998-07-01</subfield>
    <subfield code="e">Instituto Nacional de los Recursos Naturales Renovables y del Medio Ambiente</subfield>
    <subfield code="l">0</subfield>
    <subfield code="o">LB-00449</subfield>
    <subfield code="p">000647</subfield>
    <subfield code="r">2012-12-04 00:00:00</subfield>
    <subfield code="t">Ej.3</subfield>
    <subfield code="w">2012-12-04</subfield>
    <subfield code="x">INDERENA</subfield>
    <subfield code="y">Mapa</subfield>
    <subfield code="z">Estudio regional integrado del altiplano cundiboyacense: hidrogeolog&#xED;a</subfield>
  </datafield>
  <datafield tag="952" ind1=" " ind2=" ">
    <subfield code="0">0</subfield>
    <subfield code="1">0</subfield>
    <subfield code="2">z</subfield>
    <subfield code="4">0</subfield>
    <subfield code="7">0</subfield>
    <subfield code="8">GENERAL</subfield>
    <subfield code="I">INV2017</subfield>
    <subfield code="a">Villa</subfield>
    <subfield code="b">Villa</subfield>
    <subfield code="d">1998-07-01</subfield>
    <subfield code="e">Instituto Nacional de los Recursos Naturales Renovables y del Medio Ambiente</subfield>
    <subfield code="l">0</subfield>
    <subfield code="o">LB-00449</subfield>
    <subfield code="p">000648</subfield>
    <subfield code="r">2012-12-04 00:00:00</subfield>
    <subfield code="t">Ej.1</subfield>
    <subfield code="w">2012-12-04</subfield>
    <subfield code="x">INDERENA</subfield>
    <subfield code="y">Mapa</subfield>
    <subfield code="z">Estudio regional integrado del altiplano cundiboyacense: Orohidrograf&#xED;a</subfield>
  </datafield>
  <datafield tag="952" ind1=" " ind2=" ">
    <subfield code="0">0</subfield>
    <subfield code="1">0</subfield>
    <subfield code="2">z</subfield>
    <subfield code="4">0</subfield>
    <subfield code="7">0</subfield>
    <subfield code="8">GENERAL</subfield>
    <subfield code="I">INV2017</subfield>
    <subfield code="a">Villa</subfield>
    <subfield code="b">Villa</subfield>
    <subfield code="d">1998-07-01</subfield>
    <subfield code="e">Instituto Nacional de los Recursos Naturales Renovables y del Medio Ambiente</subfield>
    <subfield code="l">0</subfield>
    <subfield code="o">LB-00449</subfield>
    <subfield code="p">000649</subfield>
    <subfield code="r">2012-12-04 00:00:00</subfield>
    <subfield code="t">Ej.2</subfield>
    <subfield code="w">2012-12-04</subfield>
    <subfield code="x">INDERENA</subfield>
    <subfield code="y">Mapa</subfield>
    <subfield code="z">Estudio regional integrado del altiplano cundiboyacense: Orohidrograf&#xED;a</subfield>
  </datafield>
  <datafield tag="952" ind1=" " ind2=" ">
    <subfield code="0">0</subfield>
    <subfield code="1">0</subfield>
    <subfield code="2">z</subfield>
    <subfield code="4">0</subfield>
    <subfield code="7">0</subfield>
    <subfield code="8">GENERAL</subfield>
    <subfield code="I">INV2017</subfield>
    <subfield code="a">Villa</subfield>
    <subfield code="b">Villa</subfield>
    <subfield code="d">1998-07-01</subfield>
    <subfield code="e">Instituto Nacional de los Recursos Naturales Renovables y del Medio Ambiente</subfield>
    <subfield code="l">0</subfield>
    <subfield code="o">LB-00449</subfield>
    <subfield code="p">000650</subfield>
    <subfield code="r">2012-12-04 00:00:00</subfield>
    <subfield code="t">Ej.3</subfield>
    <subfield code="w">2012-12-04</subfield>
    <subfield code="x">INDERENA</subfield>
    <subfield code="y">Mapa</subfield>
    <subfield code="z">Estudio regional integrado del altiplano cundiboyacense: Orohidrograf&#xED;a</subfield>
  </datafield>
  <datafield tag="952" ind1=" " ind2=" ">
    <subfield code="0">0</subfield>
    <subfield code="1">0</subfield>
    <subfield code="2">z</subfield>
    <subfield code="4">0</subfield>
    <subfield code="7">0</subfield>
    <subfield code="8">GENERAL</subfield>
    <subfield code="I">INV2017</subfield>
    <subfield code="a">Villa</subfield>
    <subfield code="b">Villa</subfield>
    <subfield code="d">1998-07-01</subfield>
    <subfield code="e">Instituto Nacional de los Recursos Naturales Renovables y del Medio Ambiente</subfield>
    <subfield code="l">0</subfield>
    <subfield code="o">LB-00449</subfield>
    <subfield code="p">000651</subfield>
    <subfield code="r">2012-12-04 00:00:00</subfield>
    <subfield code="t">Ej.1</subfield>
    <subfield code="w">2012-12-04</subfield>
    <subfield code="x">INDERENA</subfield>
    <subfield code="y">Mapa</subfield>
    <subfield code="z">Estudio regional integrado del altiplano cundiboyacense: Orohidrograf&#xED;a</subfield>
  </datafield>
  <datafield tag="952" ind1=" " ind2=" ">
    <subfield code="0">0</subfield>
    <subfield code="1">0</subfield>
    <subfield code="2">z</subfield>
    <subfield code="4">0</subfield>
    <subfield code="7">0</subfield>
    <subfield code="8">GENERAL</subfield>
    <subfield code="I">INV2017</subfield>
    <subfield code="a">Villa</subfield>
    <subfield code="b">Villa</subfield>
    <subfield code="d">1998-07-01</subfield>
    <subfield code="e">Instituto Nacional de los Recursos Naturales Renovables y del Medio Ambiente</subfield>
    <subfield code="l">0</subfield>
    <subfield code="o">LB-00449</subfield>
    <subfield code="p">000652</subfield>
    <subfield code="r">2012-12-04 00:00:00</subfield>
    <subfield code="t">Ej.1</subfield>
    <subfield code="w">2012-12-04</subfield>
    <subfield code="x">INDERENA</subfield>
    <subfield code="y">Mapa</subfield>
    <subfield code="z">Estudio regional integrado del altiplano cundiboyacense:</subfield>
  </datafield>
  <datafield tag="952" ind1=" " ind2=" ">
    <subfield code="0">0</subfield>
    <subfield code="1">0</subfield>
    <subfield code="2">ddc</subfield>
    <subfield code="4">0</subfield>
    <subfield code="7">0</subfield>
    <subfield code="8">GENERAL</subfield>
    <subfield code="I">INV2017</subfield>
    <subfield code="a">Venado</subfield>
    <subfield code="b">Venado</subfield>
    <subfield code="d">2014-10-21</subfield>
    <subfield code="e">Instituto</subfield>
    <subfield code="g">15000.00</subfield>
    <subfield code="l">0</subfield>
    <subfield code="o">LB--986.14 I24e</subfield>
    <subfield code="p">000653</subfield>
    <subfield code="r">2014-10-21 00:00:00</subfield>
    <subfield code="t">Ej. 2 </subfield>
    <subfield code="w">2014-10-21</subfield>
    <subfield code="x">Donacion</subfield>
    <subfield code="y">LIBRO</subfield>
  </datafield>
  <datafield tag="952" ind1=" " ind2=" ">
    <subfield code="0">0</subfield>
    <subfield code="1">0</subfield>
    <subfield code="2">ddc</subfield>
    <subfield code="4">0</subfield>
    <subfield code="7">0</subfield>
    <subfield code="8">GENERAL</subfield>
    <subfield code="I">INV2017</subfield>
    <subfield code="a">Venado</subfield>
    <subfield code="b">Venado</subfield>
    <subfield code="d">2014-10-21</subfield>
    <subfield code="e">Instituto</subfield>
    <subfield code="g">15000.00</subfield>
    <subfield code="l">0</subfield>
    <subfield code="o">LB-986.14 I24e</subfield>
    <subfield code="p">018673</subfield>
    <subfield code="r">2014-10-21 00:00:00</subfield>
    <subfield code="t">Ej. 1</subfield>
    <subfield code="w">2014-10-21</subfield>
    <subfield code="x">Donacion</subfield>
    <subfield code="y">LIBRO</subfield>
    <subfield code="z">Anexo de poblaci&#xF3;n</subfield>
  </datafield>
</record>
